Normal view
MARC view
- علوم - دراسة وتعليم
Entry Topical Term
001 - CONTROL NUMBER
- control field: 41974
003 - CONTROL NUMBER IDENTIFIER
- control field: JO-AjAnu
005 - DATE AND TIME OF LATEST TRANSACTION
- control field: 20230606080952.0
008 - FIXED-LENGTH DATA ELEMENTS
- fixed length control field: 230606|| aca||aabn | a|a d
040 ## - CATALOGING SOURCE
- Original cataloging agency: JO-AjAnu
- Transcribing agency: JO-AjAnu
150 ## - HEADING--TOPICAL TERM
- Topical term or geographic name entry element: علوم - دراسة وتعليم
670 ## - SOURCE DATA FOUND
- Source citation: Work cat.: (JO-AjAnu)21506: نخبة من الاساتذة المختصين في تدريس العلوم باميركا, author 41973, الجديد في تدريس العلوم